| 000 | 00641 a2200193 4500 | ||
|---|---|---|---|
| 020 | _a8123911394 | ||
| 020 | _a9788123911397 | ||
| 090 |
_c564 _d564 |
||
| 100 | 1 | _aMoore, R.C. | |
| 245 | 1 | 0 |
_aInvertebrate fossils / _cR.C. Moore. |
| 260 |
_a[S.l.] : _bCBS Publishers & Distributors, _c2006. |
||
| 300 | _a1 v. (unpaged) | ||
| 500 | _aPaperback. | ||
| 650 | 4 | _aMathematics & science. | |
| 650 | 4 | _aScience / General. | |
| 856 | 4 | 0 |
_3Amazon.com _uhttp://www.amazon.com/exec/obidos/ASIN/8123911394/chopaconline-20 |
| 856 | 4 | 0 |
_3Amazon customer reviews _uhttp://www.chopac.org/cgi-bin/tools/azrev.pl?q=8123911394 |
| 942 |
_aNBS _cBK _k562 MOO |
||
| 999 |
_c343121 _d343121 |
||